LIBRARY & INFORMATION CENTRE, KCAET, TAVANUR

ONLINE PUBLIC ACCESS CATALOGUE (OPAC)

Statistical Research Methods - A Guide for Non -Statisticians (Record no. 14353)

MARC details
000 -LEADER
fixed length control field 00343nam a22001337a 4500
020 ## - INTERNATIONAL STANDARD BOOK NUMBER
ISBN 9781461487074
082 ## - DEWEY DECIMAL CLASSIFICATION NUMBER
Classification number 001.42
Item number SAB/ST
100 ## - MAIN ENTRY--AUTHOR NAME
Personal name Sabo,Roy,T
100 ## - MAIN ENTRY--AUTHOR NAME
Personal name Boone,Edward, L
245 ## - TITLE STATEMENT
Title Statistical Research Methods - A Guide for Non -Statisticians
260 ## - PUBLICATION, DISTRIBUTION, ETC. (IMPRINT)
Place of publication New York
Name of publisher Springer
Year of publication 2013
300 ## - PHYSICAL DESCRIPTION
Number of Pages 214
942 ## - ADDED ENTRY ELEMENTS (KOHA)
Koha item type Books
Holdings
Withdrawn status Lost status Damaged status Collection code Home library Current library Shelving location Date acquired Source of acquisition Cost, normal purchase price Full call number Accession Number Koha item type
        KAUAET KAUAET General Stacks 21/06/2016 Ganesh Book Centre Trivandrum 4489.10 001.42 SAB/ST 24612 Books
free website counter